000 00653nam a2200217Ia 4500
003 GCL
008 140319s9999 xx 000 0 ara d
040 _aGCL /
_cGCL
082 0 4 _a301.424
_bد م
100 1 _aروز، مارجريت
245 1 0 _aمابعد الحداثة (تحليل نقدى) /
_cروز، مارجريت
700 1 _aاحمد الشامى
260 _a[S.N] :
_bالهيئة المصرية العامة للكتاب ،
_c1994
300 _a315 ص
490 _aالالف كتاب
_v0
650 0 4 _aالفلسفة
650 0 4 _aالادب
650 0 4 _aالجغرافيا
650 0 4 _aالعمارة
942 _2ddc
_cBK
999 _c30104
_d30104